Normal view
MARC view
Entry Topical Term
001 - CONTROL NUMBER
- control field: 28226
003 - CONTROL NUMBER IDENTIFIER
- control field: OSt
005 - DATE AND TIME OF LATEST TRANSACTION
- control field: 20211027125053.0
008 - FIXED-LENGTH DATA ELEMENTS
- fixed length control field: 211027|| aca||aabn | a|a d
040 ## - CATALOGING SOURCE
- Original cataloging agency: OSt
- Transcribing agency: OSt
150 ## - HEADING--TOPICAL TERM
- Topical term or geographic name entry element: Philosophia perennis, Gnosis, Metanoi, Analytic-synthetic dualism, Svadharma, Counterfactual conditionals
670 ## - SOURCE DATA FOUND
- Source citation: Work cat.: (OSt): Pandey, Ajit Kumar 28225, A. K. Saran’s sociology: Towards a critique of modernist mode in social sciences
